Word Ladder: Nabokov Novel Quiz Stats

Quiz Updated Sep 26, 2016

Challenge
Share
Tweet
Embed
Score 0/10 Timer 01:30
0 Plays Today
Hint 4-letter word % Correct
'The wrong ___ of the bed'SIDE
99.3%
Lunar movement of the oceansTIDE
98.3%
'___ of passage'RITE
97.8%
An area which has been partitioned for constructionSITE
97.2%
The rubber part of an American wheelTIRE
96.9%
A cabbage popular with vegetarians and vegansKALE
95.6%
Duchess of Cambridge, informallyKATE
95.2%
To evaluate and afford a scoreRATE
95.1%
✍ 1962 novel by: Vladamir Nabokov ___ [last rung] ✍
OR without strong color
✍PALE✍
90.6%
✍ 1962 novel by: Vladamir Nabokov [first rung] ___
OR Prometheus' prize
✍FIRE✍
70.5%

Today's Daily Dose

You're not logged in!

Compare scores with friends on all Sporcle quizzes.
Sign Up with Email
OR
Log In

You Might Also Like...

Show Comments

Extras

Top Quizzes Today


Score Distribution

Your Account Isn't Verified!

In order to create a playlist on Sporcle, you need to verify the email address you used during registration. Go to your Sporcle Settings to finish the process.